书目信息 |
| 题名: |
激进民主
|
|
| 作者: | 拉米斯 , Lummis 著 ;刘元琪 译 | |
| 分册: | ||
| 出版信息: | 北京 中国人民大学出版社 2002 |
|
| 页数: | 167页 | |
| 开本: | 23cm | |
| 丛书名: | 马克思主义研究译丛 | |
| 单 册: | ||
| 中图分类: | D082 | |
| 科图分类: | ||
| 主题词: | 民主--研究 , CT--S052794--民主 | |
| 电子资源: | ||
| ISBN: | 7-300-04359-3 | |
| 000 | 00978nam0 2200301 45 | |
| 001 | 002299915 | |
| 005 | 20031219104119.3 | |
| 010 | @a7-300-04359-3@dCNY20.00 | |
| 100 | @a20030212d2002 kemy0chiy0110 ea | |
| 101 | 1 | @achi@ceng |
| 102 | @aCN@b110000 | |
| 105 | @ay z 000yy | |
| 106 | @ar | |
| 200 | 1 | @a激进民主@9ji jin min zhu@f(美)道格拉斯·拉米斯(C.Douglas Lummis)著@g刘元琪译 |
| 210 | @a北京@c中国人民大学出版社@d2002 | |
| 215 | @a167页@d23cm | |
| 225 | 2 | @a马克思主义研究译丛 |
| 300 | @a康奈尔大学授权出版 | |
| 330 | @a本书作者力图重新发现民主和左翼之间的亲和关系,寻找一种独立于马克思主义的激进政治视角,探索一条新的反资本主义道路。 | |
| 461 | 0 | @1001002205164@1@12001 @a马克思主义研究译丛 |
| 606 | 0 | @a民主@x研究 |
| 606 | 0 | @2CT@3S052794@a民主 |
| 690 | @aD082@v4 | |
| 701 | 1 | @a拉米斯@9la mi si@bC.D.@4著 |
| 701 | 1 | @aLummis@bC.Douglas@4著 |
| 702 | 0 | @a刘元琪@9liu yuan qi@4译 |
| 801 | @aCN@bTSTC@c20030929 | |
| 905 | @b326576-580@dD082@e10@f5 | |
| 激进民主/(美)道格拉斯·拉米斯(C.Douglas Lummis)著/刘元琪译.-北京:中国人民大学出版社,2002 |
| 167页;23cm.-(马克思主义研究译丛) |
| 康奈尔大学授权出版 |
| ISBN 7-300-04359-3:CNY20.00 |
| 本书作者力图重新发现民主和左翼之间的亲和关系,寻找一种独立于马克思主义的激进政治视角,探索一条新的反资本主义道路。 |
| ● |
| 相关链接 |
|
|
|
|
正题名:激进民主
索取号:D082/10
 
预约/预借
| 序号 | 登录号 | 条形码 | 馆藏地/架位号 | 状态 | 备注 |
| 1 | 0326576 | 203265769 | 第一借阅区/ [索取号:D082/10] | 在馆 | |
| 2 | 0326577 | 203265778 | 第一借阅区/ [索取号:D082/10] | 在馆 | |
| 3 | 0326578 | 203265787 | 第一借阅区/ [索取号:D082/10] | 在馆 | |
| 4 | 0326579 | 203265796 | 第一借阅区/ [索取号:D082/10] | 在馆 | |
| 5 | 0326580 | 203265803 | 第一样本阅览室/ [索取号:D082/10] | 在馆 |